=LDR 00000nam 2200000 4500 =001 INLIS000000000029615 =005 20130612131832 =008 ***********************************Ind** =035 ##$$0010-061300000029615 =041 ##$$a Ind =082 ##$$a 346.02 =090 ##$$a 346.02, Sai p =100 ##$$a Salim =245 ##$$a Perkembangan hukum kontrak dimar KUH perdata, Salim =260 ##$$a 2007 $b Jakarta =300 ##$$a xi, 365 hlm, 25 cm =650 ##$$a Kontrak-Hukum =850 ##$$a NBPNMAT